[Event "Online Olym Div3 A"]
[Site "Chess.com INT"]
[Date "2021.08.29"]
[Round "9.2"]
[White "Piwari, Dylan Tama"]
[Black "Kumar, Manoj"]
[Result "1-0"]
[WhiteElo "1943"]
[BlackElo "1928"]
[PlyCount "63"]
[EventDate "2021.08.27"]
[EventType "team-tourn (rapid)"]
[EventRounds "9"]
[EventCountry "USA"]
[SourceTitle "CBM 204 Extra"]
[Source "ChessBase"]
[SourceDate "2021.11.30"]
[SourceVersion "1"]
[SourceVersionDate "2021.11.30"]
[SourceQuality "1"]
[WhiteTeam "New Zealand"]
[BlackTeam "Fiji"]
[WhiteTeamCountry "NZL"]
[BlackTeamCountry "FIJ"]

1. c4 Nf6 2. Nc3 e6 3. Nf3 d5 4. d4 c5 5. Bg5 Be7 6. e3 Nc6 7. Be2 dxc4 8. 0-0 cxd4 9. exd4 0-0 10. Bxc4 h6 11. Bh4 a6 12. a4 Nb4 13. Ne5 Nbd5 14. Nxd5 Nxd5 15. Bxe7 Nxe7 16. Rc1 b6 17. Qf3 Rb8 18. Rfd1 Bb7 19. Qf4 Nd5 20. Qg3 Rc8 21. b3 Qe7 22. h3 Rfd8 23. Re1 Nf6 24. Nxf7 Rxc4 25. Nxh6+ Kh8 26. Rxc4 gxh6 27. Rc7 Rd7 28. Rec1 Bd5 29. Rxd7 Nxd7 30. Rc8+ Nf8 31. Qf4 Kg7 32. Qe5+ 1-0

[Event "Online Olym Div3 A"]
[Site "Chess.com INT"]
[Date "2021.08.28"]
[Round "6.5"]
[White "Song, Raymond"]
[Black "Kumar, Manoj"]
[Result "1-0"]
[WhiteElo "2485"]
[BlackElo "1928"]
[PlyCount "73"]
[EventDate "2021.08.27"]
[EventType "team-tourn (rapid)"]
[EventRounds "9"]
[EventCountry "USA"]
[SourceTitle "CBM 204 Extra"]
[Source "ChessBase"]
[SourceDate "2021.11.30"]
[SourceVersion "1"]
[SourceVersionDate "2021.11.30"]
[SourceQuality "1"]
[WhiteTeam "Taiwan"]
[BlackTeam "Fiji"]
[WhiteTeamCountry "TPE"]
[BlackTeamCountry "FIJ"]

1. e4 e5 2. Nf3 Nf6 3. Nxe5 d6 4. Nf3 Nxe4 5. Bd3 Nf6 6. h3 d5 7. 0-0 Be7 8. c3 0-0 9. Bc2 Re8 10. d4 Nbd7 11. Re1 c5 12. Bf4 Nf8 13. Nbd2 Ng6 14. Bh2 c4 15. Ne5 Nxe5 16. dxe5 Nd7 17. Nf3 Nf8 18. Nd4 Bc5 19. Qd2 a6 20. Rad1 Ne6 21. Nf5 Bd7 22. Qxd5 Bc6 23. Qxc4 Qb6 24. Qh4 h6 25. b4 Bf8 26. Nd6 Bxd6 27. exd6 Rad8 28. Qg4 Nf8 29. Bb3 Bd7 30. Qf3 Be6 31. Ba4 Nd7 32. a3 Qa7 33. Bc2 b5 34. a4 Rc8 35. axb5 axb5 36. Ra1 Qb7 37. Qxb7 1-0

[Event "Online Olym Div4 A"]
[Site "Chess.com INT"]
[Date "2021.08.20"]
[Round "2.6"]
[White "Kumar, Manoj"]
[Black "Al Ansi, Amin Hassan"]
[Result "1/2-1/2"]
[WhiteElo "1928"]
[BlackElo "1816"]
[PlyCount "110"]
[EventDate "2021.08.20"]
[EventType "team (rapid)"]
[EventRounds "11"]
[EventCountry "USA"]
[SourceTitle "CBM 203 Extra"]
[Source "ChessBase"]
[SourceDate "2021.09.30"]
[SourceVersion "1"]
[SourceVersionDate "2021.09.30"]
[SourceQuality "1"]
[WhiteTeam "Fiji"]
[BlackTeam "Oman"]
[WhiteTeamCountry "FIJ"]
[BlackTeamCountry "OMN"]

1. d4 Nf6 2. Bf4 d5 3. e3 e6 4. Bd3 Bd6 5. Bg3 0-0 6. Nd2 c5 7. c3 Qc7 8. Ngf3 b6 9. e4 dxe4 10. Nxe4 Nxe4 11. Bxe4 Nc6 12. Bxh7+ Kxh7 13. Ng5+ Kg6 14. Qg4 f5 15. Qh4 Ba6 16. Qh7+ Kf6 17. Qh4 Rh8 18. Ne4+ Kf7 19. Nxd6+ Kg8 20. Qg5 Qd7 21. 0-0-0 cxd4 22. Rhe1 dxc3 23. bxc3 Qe7 24. Qxe7 Nxe7 25. Rxe6 Nc6 26. Nxf5 Rc8 27. Kb2 Na5 28. Ne7+ Kf7 29. Nxc8 Kxe6 30. Nd6 Rd8 31. h3 Rxd6 32. Rxd6+ Ke7 33. Rg6 Nc4+ 34. Kc2 Kf8 35. Rg4 Na3+ 36. Kb3 Nb5 37. Rf4+ Ke7 38. Rg4 Kf7 39. Be5 g6 40. Bd4 Bc8 41. Rf4+ Ke7 42. Bf6+ Ke6 43. Bd4 Ke7 44. Rh4 Be6+ 45. Kb2 Nd6 46. Rh7+ Bf7 47. f3 Nc4+ 48. Kc2 Ke6 49. Rh8 a5 50. Rc8 Kf5 51. Rf8 Ke6 52. Kd3 Nb2+ 53. Kc2 Nc4 54. Rb8 Kf5 55. Rf8 Ke6 1/2-1/2

[Event "Online Olym Div4 A"]
[Site "Chess.com INT"]
[Date "2021.08.20"]
[Round "1.1"]
[White "Kumar, Manoj"]
[Black "Amer, Karim"]
[Result "0-1"]
[WhiteElo "1928"]
[BlackElo "2235"]
[PlyCount "66"]
[EventDate "2021.08.20"]
[EventType "team (rapid)"]
[EventRounds "11"]
[EventCountry "USA"]
[SourceTitle "CBM 203 Extra"]
[Source "ChessBase"]
[SourceDate "2021.09.30"]
[SourceVersion "1"]
[SourceVersionDate "2021.09.30"]
[SourceQuality "1"]
[WhiteTeam "Fiji"]
[BlackTeam "Pakistan"]
[WhiteTeamCountry "FIJ"]
[BlackTeamCountry "PAK"]

1. d4 Nf6 2. Nf3 e6 3. g3 d5 4. Bg2 Be7 5. 0-0 0-0 6. c4 c6 7. b3 Ne4 8. Bb2 Nd7 9. Nbd2 f5 10. Ne5 Nxe5 11. dxe5 Bg5 12. Nf3 Be7 13. Qc2 Bd7 14. e3 b5 15. Rfd1 bxc4 16. bxc4 Rb8 17. a4 Qb6 18. Rdb1 Qa6 19. Ba3 Bxa3 20. Rxa3 Qxc4 21. Qd1 Nc3 22. Rxc3 Qxc3 23. Nd4 c5 24. Ne2 Qc4 25. Bf1 Qxa4 26. Qc1 Rxb1 27. Qxb1 Qb4 28. Qa1 a5 29. Nf4 a4 30. Qd1 Qb3 31. Qd2 a3 32. Qa5 a2 33. Qc7 Qa4 0-1

[Event "Asia Nations online Cup"]
[Site "Chess.com INT"]
[Date "2020.10.16"]
[Round "6.13"]
[White "Kumar, Manoj"]
[Black "Hj, Azahari Md Aliuddin"]
[Result "1-0"]
[WhiteElo "1947"]
[BlackElo "1960"]
[PlyCount "99"]
[EventDate "2020.10.10"]
[EventType "team-swiss (rapid)"]
[EventRounds "9"]
[EventCountry "IND"]
[SourceTitle "CBM 198 Extra"]
[Source "ChessBase"]
[SourceDate "2020.11.30"]
[SourceVersion "1"]
[SourceVersionDate "2020.11.30"]
[SourceQuality "1"]
[WhiteTeam "Fiji"]
[BlackTeam "Brunei"]
[WhiteTeamCountry "FIJ"]
[BlackTeamCountry "BRN"]

1. d4 Nf6 2. Nf3 g6 3. g3 Bg7 4. Bg2 0-0 5. 0-0 c5 6. c3 cxd4 7. cxd4 Nc6 8. Nc3 d5 9. Bf4 Bg4 10. Ne5 Rc8 11. Nxg4 Nxg4 12. e4 Nf6 13. exd5 Nb4 14. Qb3 a5 15. Rad1 b6 16. Rfe1 Re8 17. a3 Na6 18. d6 exd6 19. Rxe8+ Nxe8 20. Bb7 Nb8 21. Bxc8 Qxc8 22. Qxb6 Nc6 23. Nd5 Qg4 24. Ne3 Qd7 25. Qb5 Nf6 26. Rc1 Nxd4 27. Qxd7 Nxd7 28. Rc8+ Nf8 29. Bxd6 Nde6 30. b4 axb4 31. axb4 Bd4 32. Nc4 Kg7 33. Be5+ Bxe5 34. Nxe5 Kf6 35. Nc4 Nd7 36. b5 Ke7 37. b6 Nec5 38. Ne5 Nxe5 39. Rxc5 Nd7 40. Rb5 Kd6 41. b7 Nb8 42. Kg2 Kc6 43. Rb1 f6 44. Kf3 Kd5 45. h4 Kc6 46. Ke4 Kd6 47. g4 h6 48. f4 Kc6 49. h5 gxh5 50. gxh5 1-0

[Event "Online Olym Base A"]
[Site "Chess.com INT"]
[Date "2020.07.27"]
[Round "8.1"]
[White "Myint, Han1111"]
[Black "Kumar, Manoj"]
[Result "1/2-1/2"]
[WhiteElo "2319"]
[BlackElo "1947"]
[PlyCount "126"]
[EventDate "2020.07.25"]
[EventType "team-tourn (rapid)"]
[EventRounds "9"]
[EventCountry "USA"]
[SourceTitle "CBM 198"]
[Source "ChessBase"]
[SourceDate "2020.10.31"]
[SourceVersion "1"]
[SourceVersionDate "2020.10.31"]
[SourceQuality "1"]
[WhiteTeam "Myanmar"]
[BlackTeam "Fiji"]
[WhiteTeamCountry "MYA"]
[BlackTeamCountry "FIJ"]

1. e4 e5 2. Nf3 Nf6 3. Nxe5 d6 4. Nf3 Nxe4 5. d4 d5 6. Bd3 Be7 7. 0-0 Nc6 8. c4 Nb4 9. Be2 Bf5 10. a3 Nc6 11. Nc3 Nxc3 12. bxc3 dxc4 13. Bxc4 0-0 14. Re1 Re8 15. Bf4 Rc8 16. Qb3 Bg6 17. Qxb7 Na5 18. Qb5 Nxc4 19. Qxc4 Bd6 20. Ne5 Bxe5 21. Bxe5 Qd7 22. Rac1 c6 23. h3 Qd5 24. Qa6 Qd7 25. a4 Re6 26. Bg3 Rce8 27. Rxe6 Rxe6 28. Qa5 h6 29. Qc5 Qb7 30. Qa3 Qa6 31. c4 Qa5 32. Qc3 Qxc3 33. Rxc3 Re1+ 34. Kh2 Rd1 35. d5 cxd5 36. c5 d4 37. Rb3 Rb1 38. Rb5 Bd3 39. Rxb1 Bxb1 40. c6 Bf5 41. Be5 d3 42. Bc3 Kf8 43. Kg3 Ke8 44. Kf3 g6 45. Ke3 Kd8 46. Ba5+ Kc8 47. g4 Be6 48. Kxd3 Bb3 49. Kd4 Bxa4 50. Kc5 a6 51. Bd2 h5 52. Kd6 hxg4 53. hxg4 Bb3 54. f4 a5 55. Bxa5 Bd1 56. g5 Bb3 57. Ke7 Ba2 58. c7 Bb3 59. Kd6 Ba2 60. Bc3 Bb3 61. Be5 Ba2 62. Ke7 Bb3 63. Kf6 Ba2 1/2-1/2

[Event "Online Olym Base A"]
[Site "Chess.com INT"]
[Date "2020.07.26"]
[Round "4.3"]
[White "Kumar, Manoj"]
[Black "Salim, Mohammed Salim Al"]
[Result "0-1"]
[WhiteElo "1947"]
[BlackElo "1926"]
[PlyCount "66"]
[EventDate "2020.07.25"]
[EventType "team-tourn (rapid)"]
[EventRounds "9"]
[EventCountry "USA"]
[SourceTitle "CBM 198"]
[Source "ChessBase"]
[SourceDate "2020.10.31"]
[SourceVersion "1"]
[SourceVersionDate "2020.10.31"]
[SourceQuality "1"]
[WhiteTeam "Fiji"]
[BlackTeam "Oman"]
[WhiteTeamCountry "FIJ"]
[BlackTeamCountry "OMN"]

1. c4 e5 2. Nc3 Nf6 3. d3 d5 4. cxd5 Nxd5 5. Nf3 Nc6 6. g3 Be7 7. Bg2 Nb6 8. 0-0 0-0 9. Be3 Be6 10. a3 f6 11. b4 Qd7 12. Re1 Rad8 13. Ne4 Rfe8 14. Bc5 Bd6 15. Rc1 Ne7 16. Nxd6 cxd6 17. Be3 d5 18. Bc5 Na4 19. Bxe7 Rxe7 20. Qd2 d4 21. e3 dxe3 22. Qxe3 b6 23. Red1 Bd5 24. Qd2 Bf7 25. Qe3 Bh5 26. Rd2 Bg6 27. Nh4 Re6 28. Nxg6 hxg6 29. Bh3 f5 30. Bg2 Kf7 31. Rdc2 Qxd3 32. Qxd3 Rxd3 33. Bc6 Rxc6 0-1

[Event "Oceania zt 3.6"]
[Site "Auckland"]
[Date "2017.01.17"]
[Round "6"]
[White "Booth, Anthony"]
[Black "Kumar, Manoj"]
[Result "0-1"]
[WhiteElo "1716"]
[BlackElo "1962"]
[PlyCount "102"]
[EventDate "2017.01.14"]
[EventType "swiss"]
[EventRounds "9"]
[EventCountry "NZL"]
[SourceTitle "EXT 2018"]
[Source "ChessBase"]
[SourceDate "2017.10.13"]
[SourceVersion "1"]
[SourceVersionDate "2017.10.13"]
[SourceQuality "1"]

1. e4 e5 2. Nf3 Nf6 3. d3 Nc6 4. Bg5 h6 5. Bh4 Be7 6. Be2 d5 7. exd5 Nxd5 8. Bxe7 Qxe7 9. c3 0-0 10. 0-0 Bf5 11. Qb3 Nf4 12. Qc2 Rad8 13. Rd1 e4 14. Ne1 Qg5 15. dxe4 Nxe2+ 16. Qxe2 Rxd1 17. Qxd1 Bxe4 18. Qe2 Bd5 19. Nd2 Be6 20. Ndf3 Qa5 21. a3 Re8 22. Nc2 Bd7 23. Qd2 Rd8 24. Qf4 Qb5 25. Nb4 a5 26. Nxc6 Bxc6 27. Ne5 Qd5 28. f3 Be8 29. c4 Qc5+ 30. Kf1 f6 31. Ng4 Rd4 32. Qe3 Qxc4+ 33. Ke1 Bf7 34. Rc1 Qd5 35. Nf2 c5 36. Qe7 b6 37. Ne4 Bg6 38. Nc3 Qb3 39. Nd1 Kh7 40. Qe2 Rd8 41. Kf2 Bd3 42. Qd2 Qd5 43. Qe3 Bg6 44. Nc3 Qd2+ 45. Qxd2 Rxd2+ 46. Kg3 Rxb2 47. Nd5 Bf7 48. Nf4 g5 49. Nd3 Rb3 50. Ne1 Rxa3 51. Rb1 Rb3 0-1

[Event "Olympiad-42"]
[Site "Baku"]
[Date "2016.09.13"]
[Round "11.2"]
[White "Kumar, Manoj"]
[Black "Almedina Ortiz, Edgardo J"]
[Result "0-1"]
[WhiteElo "1986"]
[BlackElo "2215"]
[PlyCount "50"]
[EventDate "2016.09.02"]
[EventType "team-swiss"]
[EventRounds "11"]
[EventCountry "AZE"]
[SourceTitle "CBM 175"]
[Source "ChessBase"]
[SourceDate "2016.11.10"]
[SourceVersion "1"]
[SourceVersionDate "2016.11.10"]
[SourceQuality "1"]
[WhiteTeam "Fiji"]
[BlackTeam "Puerto Rico"]
[WhiteTeamCountry "FIJ"]
[BlackTeamCountry "PUR"]

1. d4 Nf6 2. Nf3 g6 3. c4 Bg7 4. Nc3 0-0 5. e4 d6 6. Be2 e5 7. dxe5 dxe5 8. Qxd8 Rxd8 9. Bg5 Rf8 10. Nd5 Nxd5 11. cxd5 c6 12. Bc4 b5 13. Bb3 a5 14. a3 Bb7 15. 0-0-0 Nd7 16. Be3 Rfc8 17. d6 c5 18. Bd5 Bxd5 19. Rxd5 Rc6 20. Rhd1 Raa6 21. Kb1 b4 22. Bxc5 Nxc5 23. axb4 axb4 24. d7 Nb3 25. d8Q+ Bf8 0-1

[Event "Olympiad-42"]
[Site "Baku"]
[Date "2016.09.12"]
[Round "10.2"]
[White "Gebregziabher, Brehane Gebre Mic"]
[Black "Kumar, Manoj"]
[Result "1-0"]
[WhiteElo "1933"]
[BlackElo "1986"]
[PlyCount "115"]
[EventDate "2016.09.02"]
[EventType "team-swiss"]
[EventRounds "11"]
[EventCountry "AZE"]
[SourceTitle "CBM 175"]
[Source "ChessBase"]
[SourceDate "2016.11.10"]
[SourceVersion "1"]
[SourceVersionDate "2016.11.10"]
[SourceQuality "1"]
[WhiteTeam "Ethiopia"]
[BlackTeam "Fiji"]
[WhiteTeamCountry "ETH"]
[BlackTeamCountry "FIJ"]

1. d4 Nf6 2. Nf3 d5 3. c4 c6 4. e3 e6 5. Bd3 Nbd7 6. 0-0 dxc4 7. Bxc4 b5 8. Bd3 Bb7 9. e4 a6 10. Bg5 Qc7 11. Nbd2 c5 12. Rc1 Qb6 13. dxc5 Bxc5 14. Nb3 Be7 15. Qe2 h6 16. Be3 Qd8 17. Bf4 Rc8 18. Rxc8 Qxc8 19. Rc1 Qa8 20. Nfd2 e5 21. Bg3 0-0 22. Na5 Rc8 23. Rd1 Rd8 24. Nxb7 Qxb7 25. h3 Nc5 26. Bc2 Nfd7 27. Nf3 Bf6 28. Rd5 Re8 29. Qd1 b4 30. Ba4 Nxa4 31. Qxa4 Re7 32. Qc2 Kh7 33. Qd3 Nb6 34. Rd6 Qc7 35. b3 Rd7 36. Rxd7 Nxd7 37. Qxa6 Qc3 38. Qd6 Nc5 39. Bxe5 Qc1+ 40. Kh2 Nxe4 41. Qd4 Bxe5+ 42. Qxe5 Nxf2 43. Nd4 Qg5 44. Qxg5 hxg5 45. Nf3 g4 46. Ne1 gxh3 47. gxh3 Kg6 48. Nc2 Nd3 49. Kg3 Kf5 50. Kf3 g5 51. Ke3 Nf4 52. Nxb4 Nxh3 53. a4 g4 54. a5 Ng5 55. a6 g3 56. a7 Kg4 57. a8Q f5 58. Nd3 1-0

[Event "Olympiad-42"]
[Site "Baku"]
[Date "2016.09.06"]
[Round "5.2"]
[White "Luxama, Jacques Muller"]
[Black "Kumar, Manoj"]
[Result "1/2-1/2"]
[WhiteElo "2024"]
[BlackElo "1986"]
[PlyCount "60"]
[EventDate "2016.09.02"]
[EventType "team-swiss"]
[EventRounds "11"]
[EventCountry "AZE"]
[SourceTitle "CBM 175"]
[Source "ChessBase"]
[SourceDate "2016.11.10"]
[SourceVersion "1"]
[SourceVersionDate "2016.11.10"]
[SourceQuality "1"]
[WhiteTeam "Haiti"]
[BlackTeam "Fiji"]
[WhiteTeamCountry "HAI"]
[BlackTeamCountry "FIJ"]

1. e4 e5 2. Nf3 Nc6 3. Bc4 Nf6 4. d3 Bc5 5. c3 d6 6. Be3 Bb6 7. h3 h6 8. Nbd2 0-0 9. Nf1 d5 10. exd5 Nxd5 11. Bxb6 axb6 12. Ne3 Be6 13. Bb5 Nf4 14. 0-0 Qf6 15. Kh2 Rad8 16. Ne1 Rd6 17. Qf3 Qg6 18. Qg3 Qxg3+ 19. fxg3 Ng6 20. Nf5 Rdd8 21. a3 Nge7 22. Nxe7+ Nxe7 23. Nf3 f6 24. d4 e4 25. Rfe1 f5 26. Ne5 c6 27. Bc4 Bxc4 28. Nxc4 Nd5 29. Ne5 b5 30. Rac1 Nb6 1/2-1/2

[Event "Olympiad-42"]
[Site "Baku"]
[Date "2016.09.05"]
[Round "4.1"]
[White "Mohtaat, Homayoun"]
[Black "Kumar, Manoj"]
[Result "0-1"]
[WhiteElo "1655"]
[BlackElo "1986"]
[PlyCount "70"]
[EventDate "2016.09.02"]
[EventType "team-swiss"]
[EventRounds "11"]
[EventCountry "AZE"]
[SourceTitle "CBM 175"]
[Source "ChessBase"]
[SourceDate "2016.11.10"]
[SourceVersion "1"]
[SourceVersionDate "2016.11.10"]
[SourceQuality "1"]
[WhiteTeam "Afghanistan"]
[BlackTeam "Fiji"]
[WhiteTeamCountry "AFG"]
[BlackTeamCountry "FIJ"]

1. d4 f5 2. Nf3 Nf6 3. g3 e6 4. Bg2 d5 5. c4 c6 6. cxd5 exd5 7. Nc3 Bd6 8. 0-0 0-0 9. Bg5 h6 10. Bxf6 Qxf6 11. e3 Nd7 12. a3 a5 13. Qb3 Kh8 14. Rac1 g5 15. Qc2 Qg7 16. Rb1 Qe7 17. h4 Kg7 18. hxg5 hxg5 19. Rfe1 Nb6 20. Re2 Nc4 21. Rbe1 Qf6 22. Qc1 Be6 23. e4 dxe4 24. Nxg5 Bd5 25. Bxe4 fxe4 26. Ncxe4 Qg6 27. Nxd6 Nxd6 28. Ne6+ Bxe6 29. Rxe6 Rf6 30. Re7+ Kh8 31. Kg2 Raf8 32. Rh1+ Kg8 33. Rf1 Qg4 34. Re3 Nf5 35. Re5 Nh4+ 0-1

[Event "Olympiad-42"]
[Site "Baku"]
[Date "2016.09.04"]
[Round "3.2"]
[White "Khan, Taffin"]
[Black "Kumar, Manoj"]
[Result "1/2-1/2"]
[WhiteElo "1877"]
[BlackElo "1986"]
[PlyCount "115"]
[EventDate "2016.09.02"]
[EventType "team-swiss"]
[EventRounds "11"]
[EventCountry "AZE"]
[SourceTitle "CBM 175"]
[Source "ChessBase"]
[SourceDate "2016.11.10"]
[SourceVersion "1"]
[SourceVersionDate "2016.11.10"]
[SourceQuality "1"]
[WhiteTeam "Guyana"]
[BlackTeam "Fiji"]
[WhiteTeamCountry "GUY"]
[BlackTeamCountry "FIJ"]

1. d4 d5 2. Nf3 c6 3. c3 Nf6 4. Bg5 Ne4 5. Bf4 Nd7 6. Nbd2 Ndf6 7. h3 Qb6 8. Qb3 Nxd2 9. Nxd2 Bf5 10. g4 Bg6 11. Bg2 e6 12. Qxb6 axb6 13. f3 b5 14. Kf2 Be7 15. e4 0-0 16. a3 Nd7 17. Kg3 Nb6 18. Bc7 Nc4 19. Nxc4 bxc4 20. h4 h5 21. g5 Rfc8 22. Bf4 Ra5 23. Rhe1 Rb5 24. Re2 Bf8 25. Kf2 Ra5 26. Ke3 b5 27. Rc1 Ra7 28. Rec2 Re8 29. Rd2 Raa8 30. Be5 Rad8 31. Bh3 Bd6 32. Bxd6 Rxd6 33. e5 Rdd8 34. Rg1 Bd3 35. Rdg2 g6 36. Rd2 Rc8 37. Bf1 Bf5 38. Be2 Ra8 39. Ra1 Rec8 40. Bd1 Kf8 41. Bc2 Bxc2 42. Rxc2 Ke7 43. Rd1 Kd7 44. f4 Kc7 45. Rdd2 Kb6 46. Ke2 Ka5 47. Rc1 Ka4 48. Ke3 Kb3 49. Rh2 Ka4 50. Rd2 Ka5 51. Rh2 Kb6 52. Rd2 c5 53. dxc5+ Kxc5 54. Rd4 Rc7 55. Rd2 Rd7 56. Rd4 Rad8 57. Ra1 Ra8 58. Rad1 1/2-1/2

[Event "Olympiad-41"]
[Site "Tromsoe"]
[Date "2014.08.12"]
[Round "10.2"]
[White "Eichab, Charles Sidney"]
[Black "Kumar, Manoj"]
[Result "1-0"]
[WhiteElo "2048"]
[BlackElo "1987"]
[PlyCount "57"]
[EventDate "2014.08.02"]
[EventType "team-swiss"]
[EventRounds "11"]
[EventCountry "NOR"]
[SourceTitle "CBM 162"]
[Source "ChessBase"]
[SourceDate "2014.09.17"]
[SourceVersion "1"]
[SourceVersionDate "2014.09.17"]
[SourceQuality "1"]
[WhiteTeam "Namibia"]
[BlackTeam "Fiji"]
[WhiteTeamCountry "NAM"]
[BlackTeamCountry "FIJ"]

1. c4 Nf6 2. g3 c6 3. Bg2 d5 4. Nf3 g6 5. b3 Bg7 6. Bb2 0-0 7. 0-0 Qb6 8. cxd5 cxd5 9. Nc3 Nc6 10. Rc1 Bf5 11. d3 Rfd8 12. Qc2 Rac8 13. Qb1 h6 14. Na4 Qb5 15. Qa1 a5 16. Nc5 Bf8 17. h3 Nd7 18. Na4 Be6 19. Rc2 Nb4 20. Rxc8 Rxc8 21. Nd4 Nc2 22. Nxb5 Nxa1 23. Rxa1 Rc2 24. Nd4 Rc8 25. Nxe6 fxe6 26. Rc1 Rxc1+ 27. Bxc1 Bg7 28. Ba3 Kf7 29. Nc5 1-0

[Event "Olympiad-41"]
[Site "Tromsoe"]
[Date "2014.08.05"]
[Round "4.2"]
[White "Kumar, Manoj"]
[Black "Joseph, Elton"]
[Result "1/2-1/2"]
[WhiteElo "1987"]
[BlackElo "1779"]
[PlyCount "122"]
[EventDate "2014.08.02"]
[EventType "team-swiss"]
[EventRounds "11"]
[EventCountry "NOR"]
[SourceTitle "CBM 162"]
[Source "ChessBase"]
[SourceDate "2014.09.17"]
[SourceVersion "1"]
[SourceVersionDate "2014.09.17"]
[SourceQuality "1"]
[WhiteTeam "Fiji"]
[BlackTeam "Bahamas"]
[WhiteTeamCountry "FIJ"]
[BlackTeamCountry "BAH"]

1. Nf3 b6 2. c4 Nf6 3. Nc3 Bb7 4. d4 e6 5. a3 d5 6. cxd5 Nxd5 7. Qc2 Be7 8. e4 Nf6 9. Bf4 a6 10. Rd1 0-0 11. Bc4 b5 12. Ba2 b4 13. axb4 Bxb4 14. d5 exd5 15. e5 Ne4 16. 0-0 Bxc3 17. bxc3 c6 18. Rfe1 Qa5 19. Rc1 Bc8 20. Bb1 Bf5 21. Nh4 Bg6 22. Nxg6 hxg6 23. c4 Nd7 24. f3 Nec5 25. Bd2 Qa4 26. Qxa4 Nxa4 27. cxd5 cxd5 28. e6 fxe6 29. Rxe6 Rf6 30. Rxf6 gxf6 31. Bxg6 Ne5 32. Bf5 Nc4 33. Bf4 Kf7 34. h4 Nc5 35. h5 Ne6 36. Bg3 Ng7 37. Bg6+ Kg8 38. Bh4 Rf8 39. Re1 Ne5 40. Bxf6 Nxf3+ 41. gxf3 Rxf6 42. Kg2 Ne6 43. Kg3 Nf4 44. Re8+ Kg7 45. Rd8 Nxg6 46. hxg6 Kxg6 47. Rxd5 Rf5 48. Rd8 a5 49. Ra8 Rb5 50. Kg4 Rg5+ 51. Kf4 Rb5 52. Kg3 Rg5+ 53. Kf4 Rb5 54. Ra6+ Kf7 55. Kg4 Rc5 56. f4 Rb5 57. f5 Rb1 58. Ra7+ Kf6 59. Ra6+ Kf7 60. Rxa5 Rg1+ 61. Kf3 Kf6 1/2-1/2

[Event "Olympiad-41"]
[Site "Tromsoe"]
[Date "2014.08.04"]
[Round "3.2"]
[White "Magana, Ben"]
[Black "Kumar, Manoj"]
[Result "1-0"]
[WhiteElo "2085"]
[BlackElo "1987"]
[PlyCount "75"]
[EventDate "2014.08.02"]
[EventType "team-swiss"]
[EventRounds "11"]
[EventCountry "NOR"]
[SourceTitle "CBM 162"]
[Source "ChessBase"]
[SourceDate "2014.09.17"]
[SourceVersion "1"]
[SourceVersionDate "2014.09.17"]
[SourceQuality "1"]
[WhiteTeam "Kenya"]
[BlackTeam "Fiji"]
[WhiteTeamCountry "KEN"]
[BlackTeamCountry "FIJ"]

1. e4 e5 2. Nf3 Nf6 3. Nxe5 d6 4. Nf3 Nxe4 5. Nc3 d5 6. Qe2 Be7 7. Nxe4 dxe4 8. Qxe4 0-0 9. Bc4 Bf6 10. 0-0 Nc6 11. c3 Re8 12. Qd5 Qe7 13. Bb3 Bg4 14. Bd1 a6 15. d4 Be6 16. Qe4 Qd7 17. Qf4 Bc4 18. Re1 Rxe1+ 19. Nxe1 Ne5 20. Bc2 Ng6 21. Bxg6 hxg6 22. Nf3 Re8 23. Be3 Bd5 24. Nd2 Qc6 25. c4 Be6 26. d5 Bxd5 27. cxd5 Qxd5 28. h3 Bxb2 29. Rb1 Qxa2 30. Qxc7 Be5 31. Qxb7 Bf6 32. Qb3 Qa5 33. Nc4 Qd5 34. Rd1 Qa8 35. Rd7 Qc8 36. Nb6 Qb8 37. Qxf7+ Kh7 38. Qxf6 1-0

[Event "Oceania zt"]
[Site "Nadi"]
[Date "2013.05.10"]
[Round "9"]
[White "Kumar, Manoj"]
[Black "Zelesco, Karl"]
[Result "0-1"]
[WhiteElo "2012"]
[BlackElo "2169"]
[PlyCount "73"]
[EventDate "2013.05.05"]
[EventType "swiss"]
[EventRounds "9"]
[EventCountry "FIJ"]
[SourceTitle "CBM 154 Extra"]
[Source "ChessBase"]
[SourceDate "2013.06.25"]
[SourceVersion "2"]
[SourceVersionDate "2013.06.25"]
[SourceQuality "1"]

1. c4 e5 2. Nc3 Nf6 3. Nf3 Nc6 4. d3 Bb4 5. Bd2 0-0 6. g3 Re8 7. Bg2 d6 8. 0-0 h6 9. a3 Bxc3 10. Bxc3 e4 11. Nd4 Ne5 12. dxe4 Nxc4 13. Qc2 Rb8 14. b3 Ne5 15. Rac1 Bg4 16. f3 Bh5 17. Be1 c6 18. Bf2 Qa5 19. Qb2 Bg6 20. Rfd1 Rbd8 21. b4 Qa4 22. Qb3 Qxb3 23. Nxb3 d5 24. exd5 Nxd5 25. Nd4 a6 26. e4 Nc7 27. a4 Rd7 28. Nb3 Nd3 29. Nc5 Nxc5 30. Bxc5 Red8 31. Rxd7 Rxd7 32. Bb6 Ne6 33. f4 Bh5 34. Rc2 Nd4 35. Rb2 Ne2+ 36. Kf2 Nc3 37. a5 0-1

[Event "Oceania zt"]
[Site "Nadi"]
[Date "2013.05.07"]
[Round "6"]
[White "Plew, Jeffrey"]
[Black "Kumar, Manoj"]
[Result "1/2-1/2"]
[WhiteElo "2043"]
[BlackElo "2012"]
[PlyCount "50"]
[EventDate "2013.05.05"]
[EventType "swiss"]
[EventRounds "9"]
[EventCountry "FIJ"]
[SourceTitle "CBM 154 Extra"]
[Source "ChessBase"]
[SourceDate "2013.06.25"]
[SourceVersion "2"]
[SourceVersionDate "2013.06.25"]
[SourceQuality "1"]

1. e4 e5 2. Nf3 Nc6 3. Bb5 a6 4. Ba4 Nf6 5. d3 b5 6. Bb3 Be7 7. 0-0 0-0 8. a4 b4 9. a5 d6 10. Nbd2 Rb8 11. h3 Bb7 12. Re1 Nd7 13. c3 Nc5 14. Bc2 Ne6 15. Nc4 Bf6 16. Ne3 bxc3 17. bxc3 Nf4 18. d4 exd4 19. cxd4 Nb4 20. Bb1 c5 21. Ng4 Ne6 22. Nxf6+ Qxf6 23. Bb2 Rfd8 24. Qd2 Qf4 25. Qc3 Qf6 1/2-1/2

[Event "Oceania zt"]
[Site "Rotorua"]
[Date "2011.01.26"]
[Round "3"]
[White "Oliver, Gareth"]
[Black "Kumar, Manoj"]
[Result "1-0"]
[WhiteElo "2210"]
[BlackElo "2011"]
[PlyCount "63"]
[EventDate "2011.01.25"]
[EventType "swiss"]
[EventRounds "9"]
[EventCountry "NZL"]
[SourceTitle "CBM 140 Extra"]
[Source "ChessBase"]
[SourceDate "2011.03.01"]
[SourceVersion "1"]
[SourceVersionDate "2011.03.01"]
[SourceQuality "1"]

1. d4 d5 2. c4 e6 3. Nf3 Nf6 4. Nc3 Be7 5. Bf4 0-0 6. e3 b6 7. cxd5 exd5 8. Bd3 c5 9. 0-0 Bb7 10. Rc1 Nc6 11. Bb1 Rc8 12. Bf5 Ra8 13. Nb5 Ne8 14. Re1 a6 15. Nc3 Nf6 16. Na4 Ne4 17. Qb3 Nb4 18. dxc5 bxc5 19. Nxc5 Nxc5 20. Qxb4 a5 21. Qd4 Na6 22. Be5 f6 23. Qh4 g6 24. Be6+ Kg7 25. Bc3 Qd6 26. Bh3 Nc5 27. Red1 Ne4 28. Ng5 Nxg5 29. Qxg5 h6 30. Qg3 Rfd8 31. Bd4 Ba6 32. Rc7 1-0